Statystyki dla Quiz o Litwie, Łotwie i Estonii

Kliknij tutaj aby rozwiązać quiz!

Ogólne statystyki

  • Ten quiz został rozwiązany 34 razy
  • Średni wynik to 23 z 35

Statystyki odpowiedzi

WskazówkaOdpowiedź% Poprawnych
StolicaWilno
100%
WalutaEuro
95%
Język urzędowyLitewski
95%
Morze, do którego ma dostępMorze Bałtyckie
95%
Liczba ludności w milionach (ok.)3 mln
91%
Rok dołączenia do Unii Europejskiej2004 r.
86%
WalutaEuro
82%
Morze, do którego ma dostępMorze Bałtyckie
82%
Rok dołączenia do NATO2004 r.
77%
Rok dołączenia do Unii Europejskiej2004 r.
77%
WalutaEuro
77%
Język urzędowyŁotewski
77%
StolicaRyga
77%
Rok dołączenia do NATO2004 r.
73%
Rok dołączenia do Unii Europejskiej2004 r.
73%
Rok dołączenia do NATO2004 r.
73%
Liczba ludności w milionach (ok.)2 mln
73%
Morze, do którego ma dostępMorze Bałtyckie
73%
Największy partner handlowyPolska
73%
StolicaTallin
73%
Liczba ludności w milionach (ok.)1 mln
68%
Język urzędowyEstoński
68%
Największy partner handlowyLitwa
64%
Jak nazywa się Matka Boża przedstawiona na obrazie w kaplicy w Ostrej Bramie?Matka Boża Ostrobramska
64%
Jaką karę Łotwa oficjalnie zniosła w
2012 r.?
Karę śmierci
59%
Największy partner handlowyFinlandia
55%
Zatoka na północnym zachodzieZatoka Ryska
50%
Warzowo, z którego robiona jest kartoflanka; w XX w. Estonia słynęła z jego uprawZiemniak
50%
Komunikator internetowy zaprogramowany przez Niklasa Zennströma, Janusa Friisa i estońskich programistówSkype
45%
Narodowe ptak LitwyBocian biały
36%
Historyczna kraina Łotwy, która posiadała kolonie - Gambię i TobagoKurlandia
36%
Zatoka na północyZatoka Fińska
36%
Odcień koloru czerwonego występujący na jej fladzeKarminowy
32%
Mierzeja między Litwą a Obwodem KrólewieckimMierzeja Kurońska
27%
Nazwa pieczonych pierogów z najczęściej mięsnym farszem (na literę K)Kibiny
14%

Rozkład punktacji

Percentyl według liczby udzielonych odpowiedzi

Procent ludzi z każdym wynikiem

Twoja historia wyników

Nie rozwiązałeś tego quizu